ON IMPACT OF THIN FILM PROPERTIES ON NARROW BANDPASS FILTERS FOR WDM OPTICAL NETWORKS

Bibliographic Details
Main Authors: Gemzický, Erik (Author), Müllerová, Jarmila, 1956- (Author)
Format: Article
Language:English

MARC

LEADER 00000naa a2200000uu 4500
001 vtls010930529
003 SK-MaSNL
005 20260302135150.0
008 210824|2007 xo |||||||||||||||||eng|
015 |a SNBRA 
035 |a (urnnbn)urn:nbn:sk:snk:ar-a0b3f4 
035 |a (uuid)ca3ad69f-7018-454d-8854-1400f62ea17d 
035 |a urn:nbn:sk:snk-aatvxh 
040 |a SNKBUCL  |b slo  |c SNKBUCL  |e AACR2 
041 0 |a eng 
044 |a xo  |c SK 
100 1 |a Gemzický, Erik  |4 aut  |9 823328 
245 1 0 |a ON IMPACT OF THIN FILM PROPERTIES ON NARROW BANDPASS FILTERS FOR WDM OPTICAL NETWORKS  |c Erik Gemzický, Jarmila Müllerová 
700 1 |a Müllerová, Jarmila,  |d 1956-  |4 aut  |9 209314 
773 0 |t Proceedings of the 13th International Conference on Applied Physics of Condensed Matter  |d Žilina : Žilinská univerzita, 2007  |g S. 101-104  |z 9788080707095 
958 |a OND 
958 |a article11 
958 |a chapter 
999 |c 1326310  |d 1328240